True to life : English for adult learners : pre-intemediate [Băng Casset] /
保存先:
| 第一著者: | |
|---|---|
| その他の著者: | |
| フォーマット: | CD |
| 言語: | Vietnamese |
| 出版事項: |
Cambridge :
Cambridge University Press,
1998
|
| タグ: |
タグ追加
タグなし, このレコードへの初めてのタグを付けませんか!
|
| Thư viện lưu trữ: | Thư viện Trường Đại học Đà Lạt |
|---|
| LEADER | 00701nam a2200277 4500 | ||
|---|---|---|---|
| 001 | DLU050030879 | ||
| 005 | ##20041229 | ||
| 040 | # | # | |a DLU |b vie |
| 041 | # | # | |a vie |
| 044 | # | # | |a vn |
| 082 | # | # | |a 428.007 |b GA-R |
| 100 | # | # | |a Gairns, Ruth |
| 245 | # | # | |a True to life : |b English for adult learners : pre-intemediate [Băng Casset] / |c Ruth Gairns, Stuart Redman |
| 260 | # | # | |a Cambridge : |b Cambridge University Press, |c 1998 |
| 300 | # | # | |a 3 băng Cassset |
| 700 | # | # | |a Redman, Stuart |
| 923 | # | # | |a 44/2004 |
| 992 | # | # | |a 399000 |
| 994 | # | # | |a DLU |
| 900 | # | # | |a True |
| 911 | # | # | |a Phan Ngọc Đông |
| 925 | # | # | |a CD |
| 926 | # | # | |a A |
| 927 | # | # | |a CD |
| 980 | # | # | |a Thư viện Trường Đại học Đà Lạt |